Quizzes
Events
Quiz Creation
Community
Videos
Private Events
Remove Ads
Sign In
Join for FREE
Feedback
Dark Mode
Quiz Categories
Sports
Geography
Music
Movies
Television
Just For Fun
Miscellaneous
History
Literature
Language
Science
Gaming
Entertainment
Religion
Holiday
For Kids
Quiz Lab
Recent
Popular Today
Quiz Kudos Today
Editor Picks
Curator Picks
Quizzes by...
Day
Popularity
Type
Ratings
Length
Year
Community
Subscriptions
Recent Discussions
Orange Saloon
Badges
Playlists
Quests
Create
Leaderboards
Showdown
Live 5
Trivia Bingo
Activity
Puzzle Library
Sporcle Events
Private Events
Virtual Trivia
Globe League
Become a Host
Pub Owners
SporcleCon
Opinionation
Our Games
Videos
Blog
Mobile Apps
Partnerships
Remove Ads and Go Orange
Feedback
Sports
Athletes
MLB
NBA
NHL
NFL
Soccer
Sports Teams
WWE
NCAA
Football
Premier League
Basketball
Baseball
Hockey
Golf
Tennis
Cricket
Rugby
Auto Racing
Olympics
World Cup
Sports
Athletes
MLB
NBA
NHL
NFL
Soccer
Sports Teams
WWE
NCAA
Football
Premier League
Basketball
Baseball
Hockey
Golf
Tennis
Cricket
Rugby
Auto Racing
Olympics
World Cup
Random Quiz
Search Sporcle
×
Quiz Lab
Quiz Lab
Sports
Football
Type in answers that appear in a list
Type in answers that appear in a list
Classic
Best Score? Go Orange.
NFL Starting Quarterbacks Stats
Can you name the starting QB for each NFL team?
By
HockeyGuru101
3m
32 Questions
61 Plays
61 Plays
61 Plays
Comments
Comments
Give Quiz Kudos
Give Quiz Kudos
-
- Ratings
hide this ad
Replay
Link that replays current quiz
Next Quiz
Link to next quiz in quiz playlist
You Got
0%
They Got
Avg Score
83%
Avg Friend Score
Upgrade to see
Score Distribution
Jump to the score distribution portion of the page
Score
0/32
Timer
03:00
0
Plays Today
Team
Player
% Correct
Atlanta Falcons
Matt Ryan
96.7%
Baltimore Ravens
Joe Flacco
95.1%
Carolina Panthers
Cam Newton
95.1%
Dallas Cowboys
Dak Prescott
95.1%
New England Patriots
Tom Brady
93.4%
New York Giants
Eli Manning
93.4%
Cincinnati Bengals
Andy Dalton
91.8%
Detroit Lions
Matthew Stafford
91.8%
New Orleans Saints
Drew Brees
91.8%
Arizona Cardinals
Carson Palmer
90.2%
Green Bay Packers
Aaron Rodgers
90.2%
Buffalo Bills
Tyrod Taylor
88.5%
Indianapolis Colts
Andrew Luck
88.5%
Kansas City Chiefs
Alex Smith
88.5%
Philadelphia Eagles
Carson Wentz
85.2%
Houston Texans
Deshaun Watson
83.6%
Team
Player
% Correct
Miami Dolphins
Jay Cutler
83.6%
Minnesota Vikings
Sam Bradford
83.6%
Oakland Raiders
Derek Carr
83.6%
Los Angeles Chargers
Philip Rivers
83.6%
Jacksonville Jaguars
Blake Bortles
80.3%
Seattle Seahawks
Russell Wilson
78.7%
Los Angeles Rams
Jared Goff
78.7%
Pittsburgh Steelers
Ben Roethlisberger
75.4%
Washington Redskins
Kirk Cousins
75.4%
Chicago Bears
Mike Glennon
73.8%
Cleveland Browns
DeShone Kizer
73.8%
Denver Broncos
Trevor Siemian
72.1%
Tampa Bay Buccaneers
Jameis Winston
70.5%
New York Jets
Josh McCown
68.9%
Tennessee Titans
Marcus Mariota
67.2%
San Francisco 49ers
Brian Hoyer
63.9%
Quiz Playlist
Details
Report
Send in Message
Add To Playlist
Classic:
Type in answers that appear in a list
Last Updated: Sep 13, 2017
Quiz Scoreboard
CHALLENGE
Sign Up to Join the Scoreboard
Show All
Scores
Hide
Comments
May contain spoilers
Recently Published
Billboard Blitz: Fleetwood Mac
by CooCooCachoo
Music
15s
Presidents Visiting Landmarks
by Hejman
History
7m
An Introduction to Baseball
by treessimontrees
Sports
5m
More to Explore
Quiz From the Vault
Featured Blog Post
Where Did the Easter Bunny Come From?
hide this ad
You Might Also Like...
Tags
Football Quiz
NFL Quiz
Football Starters
Quarterbacks
Starter
Team Quarterbacks
Today's Top Quizzes in Sports
Browse Sports
hide this ad
Today's Top Quizzes in Football
Browse Football
Top Contributed Quizzes in Sports
1
Les meilleurs buteurs des matchs entre le PSG et l’OM
2
2022 World Cup Stars
3
FIFA Club World Cup Champions
4
Les entraîneurs de l'OM et du PSG au 21e siècle
5
Criteria MLB: Left Handed Sluggers
6
Name the Premier League winners with different clubs
7
5-to-1: UK Sports Teams
8
AFC Teams Reveal (Wrong Answers Minefield)
9
Players with Multiple 50 Home Run Seasons
10
5-to-1: FBS Animal Nicknames
Explore More
Trending Topics
Anime
Harry Potter
Disney
Kpop
Crossword
Marvel
NBA
WWE
NFL
Pokémon
The Office
Soccer
Puzzle
Song
Country
hide this ad
More By:
HockeyGuru101
Quiz
Plays
Rating
Category
Featured
Created
NBA Team Captains
4,067
3.45
Sports
Aug 17, 2013
2013/14 New York Rangers
564
Sports
Aug 21, 2012
NBA Teams That Have Never Won a Championship
517
2.00
Sports
Dec 26, 2011
2011-2012 New York Rangers
458
4.50
Sports
Nov 28, 2011
2014/15 MLB Free Agents
428
2.00
Sports
Nov 28, 2014
Go to Creator's Profile
Score Distribution
Quiz Creator Spotlight
HockeyGuru101
Follow
Send a Message
Quizzes Created
-
Created Quiz Play Count
-
More By This Creator
Popular Quizzes Today
1
Find the US States - No Outlines Minefield
2
Find the Countries of Europe - No Outlines Minefield
3
The Countries of the World
4
Find the US States
5
US States
6
Popular People in 1961
7
Risky Map Clicking: Biggest States A-Z
8
Movies - When Are They Set?
More Sports Quizzes
15,000 Passing Yards, One NFL Team
Published
Trending Quizzes
Risky Map Clicking: Least Populous States A-Z
1-10 Letter G Words
1-10 Letter F Words
Risky Map Clicking: Next State Alphabetically
Risky Map Clicking: Biggest States A-Z
Recently Updated
Leaping Animals
pecheneg
Reality TV Shows (A-Z)
bhenderson79
Rickey Henderson's Hall of Fame Teammates
pecheneg
Champions League XIs: Arsenal
pecheneg
Quick Pick: Celebrities in WWE's Hall of Fame
aduchscher
A-Z Keypad Blitz II
pecheneg
Multiple Oscar Actors
pecheneg
Mystery Phrase Blitz: Oscar 'Best Actors'
pecheneg
F. Scott Fitzgerald Novels
LTH
Pick 3 Villains
ddd62291
Trending Topics
Kpop
Anime
Harry Potter
Marvel
Disney
Crossword
NBA
Soccer
Pokémon
NFL
Puzzle
WWE
Song
The Office
Country
Your Account Isn't Verified!
In order to create a playlist on Sporcle, you need to verify the email address you used during registration. Go to your
Sporcle Settings
to finish the process.
Report this User
Report this user for behavior that violates our
Community Guidelines
.
Details:
Send Report
Go to the Sporcle.com Mobile Site →
Comments